|
|
|
|
| LEADER |
00000nab a2200000 a 4500 |
| 001 |
vtls010256034 |
| 003 |
SK-MaSNL |
| 005 |
20260304160028.0 |
| 008 |
25050731c2007 xo o e slol |
| 015 |
|
|
|a SNBRB2008/01
|
| 035 |
|
|
|a SVKKK000087919
|
| 035 |
|
|
|a (urnnbn)urn:nbn:sk:snk:ar-005jt1
|
| 035 |
|
|
|a (uuid)607c0f84-ef20-4fcd-940f-0431268c5381
|
| 035 |
|
|
|a urn:nbn:sk:snk-ab80b8
|
| 038 |
|
|
|a SVKKK
|
| 040 |
|
|
|a SNKBUCL
|b slo
|c SNKBUCL
|e AACR2
|
| 041 |
0 |
|
|a slo
|
| 044 |
|
|
|a xo
|c SK
|
| 080 |
|
|
|a 56.016.4(234.372.3)"6151"
|2 1997
|
| 100 |
1 |
|
|a Šimo, Vladimír
|4 aut
|9 5279
|
| 245 |
1 |
0 |
|a Ichnofosília Diplocraterion na spodnotriasovej lokalite Vlkanová (drienocký príkrov)
|c V. Šimo, M. Olšavský
|
| 650 |
0 |
7 |
|a Diplocraterion
|x stopy fosílne
|y trias
|z Vlkanová (Slovensko)
|2 snkbucl
|9 1482401
|
| 700 |
1 |
|
|a Olšavský, Mário
|4 aut
|9 239885
|
| 773 |
0 |
|
|t Mineralia slovaca
|g Roč. 39, č. 3 (2007)
|g Č. 3 (2007), s. 18
|x 0369-2086
|x 0369-2086
|
| 773 |
0 |
|
|t [Príl.] Geovestník
|g Roč. 39, č. 3 (2007)
|g Č. 3 (2007), s. 18
|x 0369-2086
|x 0369-2086
|
| 850 |
|
|
|a Slovenská národná knižnica
|
| 852 |
|
|
|a Slovenská národná knižnica
|
| 954 |
|
|
|a odborná, vedecká literatúra pôvodná (slovenská)
|2 lita
|
| 958 |
|
|
|a article9
|
| 958 |
|
|
|a OND
|
| 958 |
|
|
|a SK
|
| 958 |
|
|
|a EUIPO
|
| 999 |
|
|
|c 2965159
|d 2967089
|